000 00539nam a2200181 4500
001 144845
003 ES-MaACL
005 20230906201118.0
007 t|
008 070214s1967 sp r ||||1| spa d
100 1 _aSmart, Charles Allen.
_9106811
245 1 0 _aJuarez /
_cCharles Allen Smart ; [versión... por Angel Arnau].
250 _a[1ª ed.].
260 _aBarcelona [etc.] :
_bGrijalbo,
_c1967 (
_fDiamante)
300 _a522 p., 16 lám. ;
_c21 cm.
700 1 _aArnau, Angel.
_923047
852 _aES-MaACL
_jC-31781
_bR.62371
999 _c144845
_d144845